000 00512 a2200169 4500
003 OSt
005 20231121120323.0
008 231121b |||||||| |||| 00| 0 eng d
020 _a9789327236217
040 _coclc
082 _a570
_bKAL/F
100 _aKalita, Evarani
_99903
245 _aFundamentals of Biological Techniques /
_cEvarani Kalita, Akshay Kumar Haloi
260 _aNew Delhi:
_bKalyani Publishers,
_c2016.
300 _a307p
942 _2ddc
_cBK
_h570
_iKAL/F
_k570
_mKAL/F
999 _c43683
_d43683